000 00653nam a2200265Ia 4500
005 20260121170628.0
008 008 260114s9999 xx 000 0 eng d
020 _a9783658228088
037 _aEBOOK
040 _aCRL
040 _beng
040 _cCRL
041 _2eng
041 _aeng
084 _qCRL
100 _aMartin Hülsen
_91066228
245 3 _aAn Experimental Economic Analysis of Banker Behavior
260 _bSpringer
260 _bSpringer
260 _c2018
856 _uhttps://link.springer.com/openurl?genre=book&isbn=978-3-658-22808-8
942 _cEBOOK
999 _c1631958
_d1631958